Milovan Djilas, a revolutionary as a writer /

Bibliographic Details
Main Author: Reinhartz, Dennis
Format: Book
Language:English
Published: Boulder : East European Monographs ; 1981.
Series:East European monographs ; no. 89.
Subjects:

MARC

Tag First Indicator Second Indicator Subfields
LEADER 00000cam a2200000 a 4500
001 in00000084539
005 20151008061429.0
008 820407s1981 couc b 00110beng
010 |a  81065951  
020 |a 0914710834 
035 |a (OCoLC)08387824 
035 |9 AAJ8044AM 
039 0 |a 2  |b 3  |c 3  |d 3  |e 3 
040 |a DLC  |c DLC  |d TXA  |d UtOrBLW 
043 |a e-yu--- 
049 |a TXAM  |c [1561368] 
050 0 0 |a PG1419.14.I43  |b Z87 
082 0 |a 891.8/28509  |a B  |2 19 
100 1 |a Reinhartz, Dennis. 
245 1 0 |a Milovan Djilas, a revolutionary as a writer /  |c Dennis Reinhartz. 
264 1 |a Boulder :  |b East European Monographs ;  |c 1981. 
264 2 |a New York :  |b Distributed by Columbia University Press, 
300 |a xiii, 112 pages :  |b portrait ;  |c 23 cm. 
336 |a text  |b txt  |2 rdacontent 
337 |a unmediated  |b n  |2 rdamedia 
338 |a volume  |b nc  |2 rdacarrier 
490 1 |a East European monographs ;  |v 89 
500 |a Includes index. 
504 |a Bibliography: pages [102]-109. 
600 1 0 |a Djilas, Milovan,  |d 1911-1995. 
650 0 |a Authors, Serbian  |z Montenegro  |x Biography. 
650 0 |a Authors, Serbian  |y 20th century  |v Biography. 
830 0 |a East European monographs ;  |v no. 89. 
999 |a MARS 
999 f f |s 783a3c08-8297-3b12-8329-68151b65b04c  |i 63ae43c6-24f0-338d-a2a3-0882337d2dc5  |t 0 
952 f f |p ric  |a Texas A&M University  |b Rellis Campus  |c Joint Library Facility  |s JLF  |d Remote Storage  |t 0  |e PG1419.14.I43 Z87  |h Library of Congress classification  |i unmediated -- volume  |m A14806175177 
998 f f |a PG1419.14.I43 Z87  |t 0  |l Remote Storage